Online katalóg knižníc regiónu Turca

Zima v slovenských horách / (Record no. 20091)

MARC details
000 -LEADER
fixed length control field 00653nam a2200205 4500
001 - CONTROL NUMBER
control field 20091
003 - CONTROL NUMBER IDENTIFIER
control field CZ PrNK
005 - DATE AND TIME OF LATEST TRANSACTION
control field 20260116115648.0
007 - PHYSICAL DESCRIPTION FIXED FIELD--GENERAL INFORMATION
fixed length control field tu
008 - FIXED-LENGTH DATA ELEMENTS--GENERAL INFORMATION
fixed length control field 921030s1961 xo a |0|0 0 cze
040 ## - CATALOGING SOURCE
Original cataloging agency ABA001
Language of cataloging cze
Modifying agency ABA001
100 1# - MAIN ENTRY--PERSONAL NAME
Personal name Marton, Štefan
Relationship com
245 10 - TITLE STATEMENT
Title Zima v slovenských horách /
Statement of responsibility, etc. Publikáciu zost. Štefan Marton, Vladimír Adamec ; Úvodní slovo napísal Vladimír Adamec ; Báseň Rudolf Fabry
260 ## - PUBLICATION, DISTRIBUTION, ETC.
Place of publication, distribution, etc. Bratislava :
Name of publisher, distributor, etc. Osveta,
Date of publication, distribution, etc. 1961
300 ## - PHYSICAL DESCRIPTION
Extent 133 s. :
Other physical details obr. příl.
700 1# - ADDED ENTRY--PERSONAL NAME
Personal name Adamec, Vladimír
Relationship com
-- aui
700 1# - ADDED ENTRY--PERSONAL NAME
Personal name Fabry, Rudolf,
Dates associated with a name 1915-1982
Relationship aut
910 ## - USER-OPTION DATA (OCLC)
User-option data ABA001
942 ## - ADDED ENTRY ELEMENTS (KOHA)
Source of classification or shelving scheme Dewey Decimal Classification
Koha item type Odborná literatúra pre dospelých
Suppress in OPAC No
Holdings
Stav vyradenia Strata Poškodenie Spôsob nadobudnutia Domovská knižnica Aktuálna knižnica Dátum nadobudnutia Total checkouts Čiarový kód exemplára Date last seen Typ exemplára
      Dar Obecná knižnica Horná Štubňa Obecná knižnica Horná Štubňa 16.01.2026   4736200077 16.01.2026 Odborná literatúra pre dospelých
Projekt je podporený Slovenskou asociáciou knižníc
Prevádzkuje Turčianska knižnica Martin 2026